00332nam a2200121 a 4500008004100000020001500041050001800056100001700074245004300091260005200134300001500186350000900201120416s0000 ||||||||||||||||| || u a0850124069 aHF 5548.2 Con aCondon, M. A10aText Creation in the electronic office aManchesterbThe National Computing Centrec1984 a[vi], 98p. a0.00